LEADER 02397nam 2200601 450 001 9910132349903321 005 20230807212051.0 010 $a1-118-65397-1 010 $a1-118-65400-5 035 $a(CKB)3710000000251863 035 $a(EBL)1811631 035 $a(SSID)ssj0001347517 035 $a(PQKBManifestationID)12593520 035 $a(PQKBTitleCode)TC0001347517 035 $a(PQKBWorkID)11351632 035 $a(PQKB)11669527 035 $a(MiAaPQ)EBC1811631 035 $a(Au-PeEL)EBL1811631 035 $a(CaPaEBR)ebr10951351 035 $a(CaONFJC)MIL651316 035 $a(OCoLC)877948736 035 $a(EXLCZ)993710000000251863 100 $a20141014h20152015 uy 0 101 0 $aeng 135 $aurcnu|||||||| 181 $ctxt 182 $cc 183 $acr 200 10$aFruit and vegetables $eharvesting, handling and storage /$fA. K. Thompson 205 $aThird edition. 210 1$aWest Sussex, England :$cJohn Wiley & Sons,$d2015. 210 4$dİ2015 215 $a1 online resource (1035 p.) 225 0 $aIntroduction and Fruit ;$vVolume 1 300 $aDescription based upon print version of record. 311 $a1-322-20036-X 311 $a1-118-65404-8 320 $aIncludes bibliographical references and index. 327 $aIntroduction and fruit 330 $aCompletely revised, updated and enlarged, now encompassing two volumes, this third edition of Fruit and Vegetables reviews and evaluates, in comprehensive detail, post harvest aspects of a very wide international range of fresh fruit and vegetables as it applies to their physiology, quality, technology, harvest maturity determination, harvesting methods, packaging, post harvest treatments, controlled atmosphere storage, ripening and transportation. The new edition of this definitive work, which contains many full colour photographs, and details of species not covered in the previous editions, 606 $aFruit$xPostharvest technology 606 $aVegetables$xPostharvest technology 615 0$aFruit$xPostharvest technology. 615 0$aVegetables$xPostharvest technology. 676 $a634/.0441 700 $aThompson$b A. K$g(A. Keith),$0902300 801 0$bMiAaPQ 801 1$bMiAaPQ 801 2$bMiAaPQ 906 $aBOOK 912 $a9910132349903321 996 $aFruit and vegetables$92016924 997 $aUNINA LEADER 02405nam 2200565 a 450 001 9910779851403321 005 20230607212953.0 010 $a0-313-00046-8 035 $a(CKB)111056485429162 035 $a(EBL)282733 035 $a(OCoLC)55091906 035 $a(SSID)ssj0000117593 035 $a(PQKBManifestationID)11915485 035 $a(PQKBTitleCode)TC0000117593 035 $a(PQKBWorkID)10050289 035 $a(PQKB)11778093 035 $a(MiAaPQ)EBC282733 035 $a(Au-PeEL)EBL282733 035 $a(CaPaEBR)ebr10017923 035 $a(OCoLC)935262754 035 $a(EXLCZ)99111056485429162 100 $a20010913d2001 uy 0 101 0 $aeng 135 $aurcn||||||||| 181 $ctxt 182 $cc 183 $acr 200 10$aCapital, emerging high-growth firms and public policy$b[electronic resource] $ethe case against federal intervention /$fTerry F. Buss 210 $aWestport, Conn. ;$aLondon $cPraeger$d2001 215 $a1 online resource (255 p.) 300 $aDescription based upon print version of record. 311 $a0-275-96860-X 320 $aIncludes bibliographical references and index. 327 $aPreliminaries; Contents; Figures and Tables; Preface; Acknowledgments; 1 The Importance of New High Growth Firms; 2 Characteristics of High Growth Firms; 3 Development Stage and Finance; 4 Capital Availability; 5 Regional Disparities; 6 Technology Based Ventures; 7 Women and Minorities; 8 Policy Implications; Appendix Federal Capital Subsidy Programs; Bibliography; Index 330 $aCongressional hearings and government reports have asserted that emerging high-growth firms in the US are starved for capital. This study argues that calls for increased federal intervention, using public monies to plug capital gaps to plug capital gaps, are unjustified. 606 $aCorporations$zUnited States$xFinance 606 $aNew business enterprises$zUnited States$xFinance 606 $aVenture capital$zUnited States 615 0$aCorporations$xFinance. 615 0$aNew business enterprises$xFinance. 615 0$aVenture capital 676 $a338.74 700 $aBuss$b Terry F$01506075 801 0$bMiAaPQ 801 1$bMiAaPQ 801 2$bMiAaPQ 906 $aBOOK 912 $a9910779851403321 996 $aCapital, emerging high-growth firms and public policy$93736118 997 $aUNINA